| 000 | 01543nmm a2200445 a 4500 | ||
|---|---|---|---|
| 001 | ocm0002016477 | ||
| 003 | TR-IsHL | ||
| 005 | 20201028175515.0 | ||
| 008 | 181029s2014 tu tur | ||
| 007 | cr cn | ||
| 020 | _a9786055988906 | ||
| 035 |
_a2016477 _b(N$T) |
||
| 050 | 0 | 4 |
_aPL240 _b.K373 2014 |
| 090 | 0 | 4 |
_aPL240 _b.K373 2014 |
| 245 | 1 | 0 |
_aKardeş sesler 2014: hikâye, şiir, deneme _h[electronic resource] / _cAhmet Turgut, Azize Kaya, Bünyamin Zile, Büşra Demir, Büşra Konaktaş, Ebabekir Cambolat, Nesrin Askeran Ünal, Rumeysa Atasay, Sacide Uslu, Sema Tanrıverdioğlu Ersöz, Ülkü Taşlıova |
| 250 | _a1. Baskı | ||
| 260 |
_aAnkara : _bBengü Yayınları, _c2014 |
||
| 300 | _a230 p. | ||
| 650 | 4 | _aDil ve Edebiyat | |
| 650 | 4 | _aLanguage and Literature | |
| 650 | 0 |
_aTürk edebiyatı _x Hikayeler |
|
| 650 | 0 | _aShort stories, Turkish | |
| 650 | 0 | _aTürk şiiri | |
| 650 | 0 | _aTurkish poetry | |
| 650 | 0 | _aTürk denemeleri | |
| 650 | 0 | _aTurkish essays | |
| 650 | 7 |
_aLITERARY COLLECTIONS / Middle Eastern _2bisacsh |
|
| 700 | 1 | _aTurgut, Ahmet | |
| 700 | 1 | _aKaya, Azize | |
| 700 | 1 | _aZile, Bünyamin | |
| 700 | 1 | _aDemir, Büşra | |
| 700 | 1 | _aKonaktaş, Büşra | |
| 700 | 1 | _aCambolat, Ebabekir | |
| 700 | 1 | _aÜnal, Nesrin Askeran | |
| 700 | 1 | _aAtasay, Rümeysa | |
| 700 | 1 | _aUslu, Sacide | |
| 700 | 1 | _aErsöz, Sema Tanrıverdioğlu | |
| 700 | 1 | _aTaşlıova, Ülkü | |
| 856 | 4 | 0 | _uhttp://search.ebscohost.com/login.aspx?direct=true&scope=site&db=e011xww&AN=2016477 |
| 999 |
_c18702 _d18702 |
||